00425nam a2200085Ia 4500008004100000245017600041260000900217300008800226650002500314180130s9999 xx 000 0 und d cFuchs, Karl-Peter; Herrmann, Dominik; Micheloni, Andrea; Federrath, HannesaLaribus: privacy-preserving detection of fake SSL certificates with a social P2P notary network c2016 aBook title: Handbook of information security--Acession number C20533; pages 156-172 aINFORMATION SECURITY